Taylor Swift - Albums avec le plus de chansons - Statistiques

Statistiques générales
  • Ce quiz a été pris 496 fois
  • Le résultat moyen est 10 sur 11
Statistiques - réponses
Nombre de chansons Albums % Correct
31 chansons The Tortured Poets Department
99%
30 chansons Red
97%
27 chansons Fearless
95%
23 chansons 1989
90%
18 chansons Lover
89%
24 chansons Midnights
89%
15 chansons Reputation
89%
22 chansons Speak Now
89%
14 chansons Taylor Swift
88%
17 chansons Evermore
87%
17 chansons folklore
87%
Aucun quiz correspondant
Distribution des résultats
% des personnes avec chaque résultat
Percentile par nombre de réponses
Votre historique - résultats
Vous n’avez pas pris ce quiz